000 00375nam a22001457a 4500
003 MACL
005 20190814151958.0
008 190814b xxu||||| |||| 00| 0 eng d
040 _cMACL
100 _aBose , Indibar
_976269
245 _aMy Journey to the World Cinema
260 _aKolkata
_bIndibar memorial Charitable
_c2016
650 _aCinema
_976270
942 _2ddc
_cBK
999 _c60757
_d60757